| 000 | 00890nam a22002897a 4500 | ||
|---|---|---|---|
| 003 | CHAP | ||
| 005 | 20220329133820.0 | ||
| 008 | 971013s r 00010 d | ||
| 010 | _a11284 | ||
| 011 | _a12256 | ||
| 035 | _a14651 | ||
| 040 | _cCHAP | ||
| 090 | _aFolleto 7428 | ||
| 110 | 1 |
_aMéxico. Dirección General para el Desarrollo Agroindustrial _977057 |
|
| 245 | 1 | _aArroz ; descascarado, limpieza y pulido | |
| 260 |
_a(s.l.) : _b(s.e.), _c(s.a.) |
||
| 300 | _a1 h. pleg. | ||
| 490 |
_aProcesos agroindustriales _v; 10 |
||
| 590 |
_aBATCH-UPD _b10 _c20130110 _lUCH01 _h1126 |
||
| 590 |
_aCONVERSION _b10 _c20130109 _lUCH01 _h1307 |
||
| 650 | 1 | 4 |
_aArroz. _97554 |
| 830 | 0 |
_aProcesos agroindustriales _v; 10 _991824 |
|
| 901 | _aBK | ||
| 942 | _cFOLL | ||
| 949 |
_aFolleto 7428 _bBC _cFOLL _d-148008 _eTS1 _i14651 _si |
||
| 949 |
_aFolleto 7428 _bBC _cFOLL _d-148009 _eTS2 _fc.2 _i14651 _si |
||
| 999 |
_c11284 _d11284 |
||